| 000 | 00662nam a2200229 i 4500 | ||
|---|---|---|---|
| 001 | 8386 | ||
| 003 | ES-MaACL | ||
| 005 | 20231125063005.0 | ||
| 007 | t| | ||
| 008 | 920615s1990 sp ||||1| spa d | ||
| 020 | _a84-204-8068-1 | ||
| 080 | _a86-331.7"19" | ||
| 080 | _a86(Mateo Diez, L.7 H.01) | ||
| 100 | 1 |
_aDíez, Luis Mateo, _d1942- _944658 |
|
| 245 | 1 | 4 |
_aLas Horas completas / _cLuis Mateo Díez. |
| 260 |
_aMadrid : _bAlfaguara, _cD.L. 1990. |
||
| 300 |
_a212 p. ; _c22 cm. |
||
| 490 | 1 |
_aAlfaguara hispánica ; _v67 |
|
| 830 | 0 |
_aAlfaguara hispánica ; _v67 _9178131 |
|
| 852 |
_aES-MaACL _jL-15791 _bR.120348 |
||
| 999 |
_c8386 _d8386 |
||